000 00312nam a22001337a 4500
020 _a938101501-5
082 _a510
_bXAM/M
100 _aXAM IDEA
245 _aMATHEMATICS CCE SERIES
_bCLASS X
260 _aDELHI
_bV K GLOBAL PUBLICATIONS
_c2014
300 _a396
650 _aMATHS FOR CLASS X
_zINDIA
942 _cBK
999 _c756
_d756